000 00925nam a2200289 i 4500
003 EG-GICUC
005 20260502062339.0
008 260502s1951 fr ||||fr|||| 000 0 eng d
040 _aEG-GiCUC
_bfre
_cEG-GiCUC
_dEG-GiCUC
_eRda
041 0 _afre
082 0 4 _221
_a343
_bST . S
092 0 4 _221
099 _aLaw1 10 343 ST . S 1951
100 1 _aStefani, Gaston
_eAuteur
245 1 4 _aLes Successions Ab Intestat Et Testamentaires En Droit Français Comparé AU Droit Égyptien:
_cGaston Stefani.
264 1 _aCairo:
_bUsiversité Focad 1;
_c1951.
300 _a431 page ;
_c 24 cm.
336 _2rda contenu
_a texte
337 _2rda medias
_aOrdinateur
338 _2 transporteur rda
_a Ressource en ligne
546 _aTexte en français
650 1 _aDroit pénal
_2qrmak
651 1 _2qrmak
856 4 0 _uhttps://fll.law.cu.edu.eg/fulltext/bks/B10-11908.pdf
905 _a158
942 _2ddc
_n0
_cBK
_e21
999 _c74695
_d74695